[Event "Paris-ch op-B"]
[Site "Paris"]
[Date "2009.07.08"]
[Round "5"]
[White "Torres, Emile"]
[Black "Assedo, Johaquim"]
[Result "0-1"]
[WhiteElo "1725"]
[BlackElo "1823"]
[PlyCount "64"]
[EventDate "2009.07.04"]
[EventType "swiss"]
[EventRounds "9"]
[EventCountry "FRA"]
[SourceTitle "EXT 2010"]
[Source "ChessBase"]
[SourceDate "2010.11.25"]
[SourceVersion "1"]
[SourceVersionDate "2010.11.25"]
[SourceQuality "1"]

1. e4 c5 2. Nc3 Nc6 3. Bc4 g6 4. f4 Bg7 5. d3 e6 6. a4 Nge7 7. Ba2 0-0 8. Nf3 d5 9. e5 a6 10. 0-0 f6 11. exf6 Bxf6 12. Qe1 Nf5 13. Qf2 Ncd4 14. g4 Nxf3+ 15. Qxf3 Nd4 16. Qg2 b5 17. f5 gxf5 18. Bh6 Rf7 19. Nxd5 exd5 20. Bxd5 Raa7 21. Bxf7+ Kxf7 22. gxf5 Bb7 23. Qh3 Qg8+ 24. Kf2 Bh4+ 25. Qxh4 Qg2+ 26. Ke3 Bf3 27. Kf4 Re7 28. Rae1 Qd2+ 29. Kg3 Qg2+ 30. Kf4 Be2 31. Bg5 Nxf5 32. Kxf5 Qd5+ 0-1